<?xml version="1.0" encoding="UTF-8"?>
<collection xmlns:xsi="http://www.w3.org/2001/XMLSchema-instance" xsi:schemaLocation="http://www.loc.gov/MARC21/slim http://www.loc.gov/standards/marcxml/schema/MARC21slim.xsd" xmlns="http://www.loc.gov/MARC21/slim">
 <record>
  <leader>00000cam a22000003a 4500</leader>
  <controlfield tag="001">UP-1685594773861938590</controlfield>
  <controlfield tag="003">Buklod</controlfield>
  <controlfield tag="005">20131213094432.0</controlfield>
  <controlfield tag="006">g||| |     ||   ||</controlfield>
  <controlfield tag="007">ta</controlfield>
  <controlfield tag="008">210923s2009    xx      r    |000 0|fil d</controlfield>
  <datafield tag="020" ind1=" " ind2=" ">
   <subfield code="a">9789718141311 (pbk.)</subfield>
  </datafield>
  <datafield tag="020" ind1=" " ind2=" ">
   <subfield code="a">9718141316</subfield>
  </datafield>
  <datafield tag="035" ind1=" " ind2=" ">
   <subfield code="a">(iLib)UPBAG-00012211365</subfield>
  </datafield>
  <datafield tag="040" ind1=" " ind2=" ">
   <subfield code="a">DML</subfield>
   <subfield code="d">UPD</subfield>
   <subfield code="e">rda</subfield>
  </datafield>
  <datafield tag="041" ind1="0" ind2=" ">
   <subfield code="a">fil</subfield>
  </datafield>
  <datafield tag="090" ind1=" " ind2=" ">
   <subfield code="a">DS 685</subfield>
   <subfield code="b">S84 2009</subfield>
  </datafield>
  <datafield tag="245" ind1="0" ind2="0">
   <subfield code="a">Sulib</subfield>
   <subfield code="b">mga usapin ng pagkabansa, 1899-1935 : piling pag-aaral sa ating kasaysayan</subfield>
   <subfield code="c">Rhina Alvero-Boncocan, Ma. Susana Picones-Fermin, Ryan V. Palad, mga patnugot.</subfield>
  </datafield>
  <datafield tag="264" ind1=" " ind2="1">
   <subfield code="a">Manila</subfield>
   <subfield code="b">Asosasyon ng mga Dalubhasa, may Hilig at Interest sa Kasaysayan (ADHIKA) sa tulong ng National Commission for Culture and the Arts</subfield>
   <subfield code="c">2009.</subfield>
  </datafield>
  <datafield tag="300" ind1=" " ind2=" ">
   <subfield code="a">250 pages</subfield>
   <subfield code="c">21 cm</subfield>
  </datafield>
  <datafield tag="500" ind1=" " ind2=" ">
   <subfield code="a">On Philippine history, 1899-1935; papers of a conference.</subfield>
  </datafield>
  <datafield tag="505" ind1="0" ind2=" ">
   <subfield code="a">Pagtalakay sa ilang yugto sa buhay ng lalawigan ng Tayabas sa panahon ng pananakop ng Amerika tungo sa Independencia / Elsie S. Ramos -- Mula Iloilo Fiasco hanggang kay Papa Isio : Isang pagsusulib ng mga salik ng digmaang Pilipino-Amerikano sa Visayas / Randy M. Madrid -- Bamban, Tarlak bilang kabisera ng Republika, Hunyo 1899 : nakaligtaang palatandaan ng kasaysayang Pilipino / Lino L. Dizon, PhD -- Ang kilusan ng mga Inquilino at kasama sa mga Hasyendang Prayle sa maagang dekada ng Pamamahalang Amerikano / Jaime B. Veneracion, PhD -- Ang dayong Pilipino sa Morolandia : isang kasaysayan ng pakikibaka sa mga hamon ng kalikasan at netibong kultura para sa pagkakaisa (1913-1935) / Faina C. Abaya-Ulindang, PhD -- Paghahanap ng Lupain at Diaspora / Rolando C. Esteban -- Ang afinidad at konektividad ng calvario ng Mauban sa Pambansang kasaysayan O kung bakit ang Calvario ng Mauba'y hindi lamang monumento bagkus ay nagsasalpukang texto / Nelson Nava PI. Turgo -- Diskurso ng pagkabansa at naratibo ng etnikong identidad sa mga obra ni Isabelo De Los Reyes (1807-1909) / Raymundo D. Rovillos, PhD -- Sa pagsilang ng kasarinlan : Pananagisag sa Virgen sa Balintawak ng Iglesia Filipina Independiente / Lars Raymund C. Ubaldo, PhD -- Ang pagsasanib ng panulaan at peryodismo sa mga pahayagang tagalog (1900-1930) / Florentino Iniego, Jr. --Makatang radikal sa panahong nag-aalimpuyo si Benigno Ramos sa panahon ng sakdalista, 1930-1936 / Delfin Tolentino, Jr., PhD -- Ang mga piling awit na isinaplaka ni Atang De La Rama noong dekada 20 bilang tekstong historiko-kultural : Ilang panimulang tala / Michael M. Coroza -- Manuel Luis M. Quezon : Isang bayani o karaniwang mamamayan / Regino P. Paular, PhD -- Sa mata ng mga banyaga : Ang Pilipinas 1899-1935 batay sa mga ulat ng mga konsul ng Britanya / Raul V. Pagunsan</subfield>
  </datafield>
  <datafield tag="651" ind1=" " ind2="0">
   <subfield code="a">Philippines</subfield>
   <subfield code="x">History</subfield>
   <subfield code="y">1898-1946</subfield>
   <subfield code="v">Congresses.</subfield>
  </datafield>
  <datafield tag="651" ind1=" " ind2="0">
   <subfield code="a">Philippines</subfield>
   <subfield code="x">Politics and government</subfield>
   <subfield code="y">1898-1935</subfield>
   <subfield code="v">Congresses.</subfield>
  </datafield>
  <datafield tag="700" ind1="1" ind2=" ">
   <subfield code="a">Boncocan, Rhina Alvero</subfield>
   <subfield code="e">editor.</subfield>
  </datafield>
  <datafield tag="700" ind1="1" ind2=" ">
   <subfield code="a">Fermin, Ma. Susana Picones</subfield>
   <subfield code="q">(Maria Susana Picones)</subfield>
   <subfield code="e">editor.</subfield>
  </datafield>
  <datafield tag="700" ind1="1" ind2=" ">
   <subfield code="a">Palad, Ryan V.</subfield>
   <subfield code="e">editor.</subfield>
  </datafield>
  <datafield tag="905" ind1=" " ind2=" ">
   <subfield code="a">FI</subfield>
  </datafield>
  <datafield tag="852" ind1="0" ind2=" ">
   <subfield code="a">UPBAG</subfield>
   <subfield code="b">UPBAG-MAIN</subfield>
   <subfield code="h">DS 685 S84 2009</subfield>
  </datafield>
  <datafield tag="942" ind1=" " ind2=" ">
   <subfield code="a">Book</subfield>
  </datafield>
 </record>
</collection>
